Contrapunto entre reforma y revolución: La democracia en Costa Rica y Guatemala /
El ensayo compara dos momentos distintos de la historia política de Guatemala y Costa Rica, comprendido entre los años cuarenta y los finales del siglño XX; son momentos en que la vida democrática de ambos países experimentan posibilidades y cambios, con muchas diferencias entre ambos países. Durant...
Guardado en:
| Autor principal: | |
|---|---|
| Formato: | Texto |
| Lenguaje: | Spanish |
| Publicado: |
San José, Costa Rica
Editorial de la Universidad de Costa Rica
2001
|
| Materias: | |
| Etiquetas: |
Agregar Etiqueta
Sin Etiquetas, Sea el primero en etiquetar este registro!
|
MARC
| LEADER | 00000 a a2200000 04500 | ||
|---|---|---|---|
| 001 | 47745 | ||
| 003 | cru CIDCACS/IIS | ||
| 005 | 20190108154911.0 | ||
| 008 | 190108b2001 CR ||||| |||| 00| 0 spa d | ||
| 999 | |c 30978 |d 30978 | ||
| 040 | |c cru CIDCACS/IIS | ||
| 090 | |a 04.04.02 R875d | ||
| 100 | |a Torres Rivas, Edelberto | ||
| 245 | |a Contrapunto entre reforma y revolución: |b La democracia en Costa Rica y Guatemala / |c Edelberto Torres Rivas | ||
| 260 | |a San José, Costa Rica |b Editorial de la Universidad de Costa Rica |c 2001 | ||
| 520 | |a El ensayo compara dos momentos distintos de la historia política de Guatemala y Costa Rica, comprendido entre los años cuarenta y los finales del siglño XX; son momentos en que la vida democrática de ambos países experimentan posibilidades y cambios, con muchas diferencias entre ambos países. Durante los años cuarenta se introducen reformas en la región que propician cambios políticos y sociales y avanzar en la construcción de los regímenes democráticos especialmente en los dos países mencionados. REV/LCL | ||
| 650 | |a DEMOCRACIA | ||
| 650 | |2 Macrothesaurus de la OCDE/ | ||
| 650 | |a ANALISIS SOCIOLOGICO | ||
| 650 | |2 Macrothesaurus de la OCDE/ | ||
| 650 | |a HISTORIA | ||
| 650 | |2 Macrothesaurus de la OCDE/ | ||
| 773 | |g Parte 1., páginas 21-40 | ||
| 942 | |2 ddc |c LI | ||
| 773 | 0 | |0 14589 |9 2580 |a Rovira Mas, Jorge |d San José: Editorial de la Universidad de Costa Rica |o 12632 |t La Democracia de Costa Rica ante el siglo XXI / |w (cru CIDCACS/IIS)29836 |z 9977676631 | |



